MESTSKÁ KNIŽNICA GIRALTOVCE  - online katalóg 

Detoxikačná diéta (Record no. 19902)

000 -NÁVESTIE
fixed length control field 00842nam a2200253 a 4500
008 - ÚDAJE S PEVNOU DĹŽKOU – VŠEOBECNÉ INFORMÁCIE
fixed length control field 000621s2000 xo ap r yy 0 slo c
020 ## - MEDZINÁRODNÉ ŠTANDARDNÉ ČÍSLO KNIHY (ISBN)
Medzinárodné štandardné číslo knihy (ISBN) 8071454044
Údaje o dostupnosti 169
040 ## - ZDROJ KATALOGIZÁCIE
Pôvodná katalogizujúca agentúra SNK
Jazyk katalogizácie slo
Prepisujúca agentúra SNK
Konvencie popisu AACR2
041 1# - KÓD JAZYKA
Kód jazyka textu/zvukovej stopy alebo samostatných nápisov slo
Kód jazyka originálu a/alebo sprostredkujúcich prekladov textu eng
044 ## - KÓD KRAJINY VYDAVATEĽA/PRODUCENTA
Kód krajiny MARC xo
Kód krajiny ISO SK
080 ## - ČÍSLO MEDZINÁRODNÉHO DESATINNÉHO TRIEDENIA (MDT)
Číslo Medzinárodného desatinného triedenia (MDT) 613.2(035)
100 1# - OSOBNÉ MENÁ – VŠEOBECNÉ INFORMÁCIE
Osobné meno Haas, Elson M.
Kód roly aut
240 10 - UNIFIKOVANÝ NÁZOV
Unifikovaný názov The detox diet
Jazyk diela Slovensky
245 10 - NÁZOV
Názov Detoxikačná diéta
Zvyšok názvu ako a kedy začať s očistou tela
Údaj o zodpovednosti atď. Elson M. Haas ; [z anglického originálu preložila Martina Masárová]
260 ## - VYDAVATEĽSKÉ ÚDAJE, DISTRIBÚCIA ATĎ.
Miesto publikovania, distribúcie atď. Bratislava
Názov vydavateľa, distibútora atď. SLOVART
Dátum publikovania, distribúcie atď. c2000
300 ## - FYZICKÝ POPIS
Rozsah 103 s.
Ďalšie fyzické detaily tab.
Rozmery 23 cm
500 ## - VŠEOBECNÁ POZNÁMKA
Formátovaná poznámka o obsahu Údaj o prekl. prevzatý z rubu tit. strany
504 ## -
-- Bibliogr. s. 102
650 07 - PRIDANÝ VSTUP – PREDMET – TEMATICKÉ HESLO
Tematické heslo alebo geografický názov ako vstupný prvok diéta detoxikačná
Všeobecný pododdiel príručky
Zdroj hesla alebo termínu SNK
700 1# - PRIDANÝ VSTUP – OSOBNÉ MENO
Osobné meno Masárová, Martina
Kód roly trl
730 ## -
-- The detox diet
765 0# - VÄZBA NA PÔVODNÝ JAZYK
Názov The detox diet
Záhlavie hlavného vstupu Haas, Elson M.
958 ## - Formálny deskriptor
Formálny deskriptor APP
Holdings
Stav stiahnutia (Blokovanie) (Withrawn status) Stav straty Stav poškodenia (Damaged status) Nie pre výpožičky (Not for loan) Spôsob nadobudnutia (Collection code) Trvalé umiestnenie Aktuálne umiestnenie Dátum nadobudnutia Náklady, bežná kúpna cena Inventárne číslo (prírastkové číslo) Full call number Dátum posledného výskytu Cena s účinnosťou od Typ jednotky Koha
        Kúpa Mestská knižnica Giraltovce Mestská knižnica Giraltovce 2019-11-29 169.00 18 388 I 1585 2019-11-29 2019-11-29 Odborná literatúra pre dospelých

Powered by Koha